Streptomyces griseus (Krainsky) Waksman and Henrici; (Record no. 12138)

MARC details
000 -LEADER
fixed length control field 00986cam a2200265 4500
001 - CONTROL NUMBER
control field agr67000014
003 - CONTROL NUMBER IDENTIFIER
control field DLC
005 - DATE AND TIME OF LATEST TRANSACTION
control field 20260227111025.0
008 - FIXED-LENGTH DATA ELEMENTS--GENERAL INFORMATION
fixed length control field 690606s1966 dcua b 000 0 eng c
010 ## - LIBRARY OF CONGRESS CONTROL NUMBER
LC control number agr67000014
040 ## - CATALOGING SOURCE
Original cataloging agency U.S. Nat'l. Agr. Libr.
Transcribing agency DLC
Modifying agency DLC
050 00 - LIBRARY OF CONGRESS CALL NUMBER
Classification number S21.A72
Item number no. 1360
070 0# - NATIONAL AGRICULTURAL LIBRARY CALL NUMBER
Classification number 1 Ag84Te no. 1360
082 00 - DEWEY DECIMAL CLASSIFICATION NUMBER
Classification number 589.9/2
100 1# - MAIN ENTRY--PERSONAL NAME
Personal name Lyons, A. J.,
Dates associated with a name 1932-
245 00 - TITLE STATEMENT
Title Streptomyces griseus (Krainsky) Waksman and Henrici;
Remainder of title a taxonomic study of some strains
Statement of responsibility, etc. [by A. J. Lyons, Jr. and T. G. Pridham.
260 ## - PUBLICATION, DISTRIBUTION, ETC.
Place of publication, distribution, etc. Washington]
Name of publisher, distributor, etc. Agricultural Research Service, U.S. Dept. of Agriculture
Date of publication, distribution, etc. [1966]
300 ## - PHYSICAL DESCRIPTION
Extent iii, 31 p.
Other physical details illus.
Dimensions 24 cm.
490 1# - SERIES STATEMENT
Series statement Technical bulletin ;
Volume/sequential designation no. 1360
504 ## - BIBLIOGRAPHY, ETC. NOTE
Bibliography, etc. note Bibliography: p. 29-31.
650 #0 - SUBJECT ADDED ENTRY--TOPICAL TERM
Topical term or geographic name entry element Streptomyces griseus.
650 #3 - SUBJECT ADDED ENTRY--TOPICAL TERM
Topical term or geographic name entry element Streptomyces griseus.
700 1# - ADDED ENTRY--PERSONAL NAME
Personal name Pridham, Thomas Grenville,
Dates associated with a name 1920-
Relator term joint author.
830 #0 - SERIES ADDED ENTRY--UNIFORM TITLE
Uniform title Technical bulletin (United States. Department of Agriculture) ;
Volume/sequential designation no. 1360.

No items available.

Powered by Koha